NBA Players 16-17 Numbers - Statistics

General Stats
  • This quiz has been taken 456 times
    423 since last reset
  • The average score is 23 of 33
Answer Stats
Hint Answer % Correct
Warriors #30 Stephen Curry
100%
Cavs #23 LeBron James
99%
Warriors #23 Draymond Green
90%
Thunder #0 Russell Westbrook
89%
Cavs #2 Kyrie Irving
88%
Pelicans #23 Anthony Davis
87%
Warriors #35 Kevin Durant
87%
Clippers #32 Blake Griffin
86%
Clippers #3 Chris Paul
86%
Lakers #24 Kobe Bryant
86%
Knicks #7 Carmelo Anthony
84%
Pacers #13 Paul George
84%
Rockets #13 James Harden
83%
Bulls #21 Jimmy Butler
83%
Wizards #2 John Wall
82%
Warriors #11 Klay Thompson
81%
Kings #15 DeMarcus Cousins
80%
Jazz #27 Rudy Gobert
80%
Knicks #25 Derrick Rose
78%
Grizzlies #11 Mike Conley
73%
Bulls #3 Dwyane Wade
71%
Trailblazers #3 CJ McCollum
68%
Lakers #1 D'Angelo Russell
66%
Jazz #20 Gordon Hayward
66%
Celtics #42 Al Horford
62%
Spurs #16 Pau Gasol
59%
Trailblazers #0 Damian Lillard
47%
Spurs #2 Kawhi Leonard
46%
Jazz #15 Derrick Favors
41%
Kings #8 Rudy Gay
37%
76ers #25 Ben Simmons
35%
Clippers #11 Jamal Crawford
25%
Magic #7 Serge Ibaka
13%
No matching quizzes found
Score Distribution
Percent of People with Each Score
Percentile by Number Answered
Your Score History
You have not taken this quiz since the last reset